Statistics for Closest Capital to Capital - Europe #2

Click here to take the quiz!

General Stats

  • This quiz has been taken 14 times
  • The average score is 6 of 10

Answer Stats

HintAnswer% Correct
AmsterdamBrussels
100%
AthensAnkara
67%
StockholmHelsinki
67%
ReykjavicOslo
67%
RomeVatican City
67%
WarsawBerlin
58%
ChişinǎuBucharest
58%
BelgradePodgorica
42%
SkopjeSofia
42%
HelsinkiTalinn
42%

Score Distribution

Percentile by Number Answered

Percent of People with Each Score

Your Score History

You have not taken this quiz